| 000 | 01032nam a2200241 a 4500 | ||
|---|---|---|---|
| 001 | 1427325 | ||
| 003 | AM-YEHGA | ||
| 005 | 20260326122812.0 | ||
| 008 | 181130s1944 gs |||||r|||||000|1|rus|d | ||
| 040 | _aAM-YEHGA | ||
| 041 | 1 |
_arus _hgeo |
|
| 100 | 1 |
_aЛеонидзе, Георгий Николаевич, _d1899-1966 |
|
| 245 | 1 | 0 |
_aСталин : _bДетство и отрочество : Эпопея : [В стихах] / _cГеоргий Леонидзе ; Пер. с груз. Гергия Цагарели. |
| 260 |
_aТбилиси : _bЗаря Востока, _c1944. |
||
| 300 |
_aкнига ; _c21 см. |
||
| 505 | 1 | 0 | _gКн. 1 (1944,144 с.) |
| 546 | _aПарал. тит. л. на груз. яз. | ||
| 600 | 1 | 4 |
_aСталин, Иосиф Виссарионович, _d1879-1953 |
| 650 | 1 | 4 |
_aХудожественная литература _zГрузия |
| 650 | 1 | 4 |
_aГрузинская литература _xПоэзия |
| 700 | 1 |
_aЦагарели, Георгий _eпер. _4trl |
|
| 942 |
_2udc _cBK |
||
| 999 |
_c540732 _d540732 |
||